[Event "Katernberg 4- Werden 2"]
[Site "?"]
[Date "2023.10.29"]
[Round "3.6"]
[White "Berresheim, Nils"]
[Black "Kowalzick, Uwe"]
[Result "1-0"]
[WhiteElo "1848"]
[BlackElo "1613"]
[PlyCount "91"]
[SourceDate "2023.11.07"]

1. d4 d5 2. c4 e6 3. Nc3 Nf6 4. cxd5 exd5 5. Bg5 c6 6. e3 Nbd7 7. Bd3 Be7 8.
Nf3 h6 9. Bf4 Qb6 10. Qc2 a6 11. O-O g5 12. Be5 g4 13. Nd2 Nxe5 14. dxe5 Nd7
15. e6 fxe6 16. Bg6+ Kd8 17. e4 Ne5 18. exd5 exd5 19. Rae1 Bd6 20. Re2 Rg8 21.
Bh7 Rg7 22. Rfe1 Bd7 23. Rxe5 Bxe5 24. Rxe5 Qd4 25. Re2 g3 26. hxg3 Rxg3 27.
Nb3 Rxg2+ 28. Kxg2 Qg4+ 29. Kf1 Qh3+ 30. Ke1 Qh4 31. Qg6 Qh1+ 32. Kd2 Qf3 33.
Qg8+ Kc7 34. Qxa8 Qf4+ 35. Kc2 d4 36. Qg8 Bf5+ 37. Bxf5 Qxf5+ 38. Ne4 Qb5 39.
Qg7+ Kb8 40. Qf8+ Kc7 41. Qe7+ Kb8 42. Qd8+ Ka7 43. Qxd4+ Ka8 44. Nc3 Qf5+ 45.
Qe4 Qg5 46. Qe8+ 1-0

[Event "Katernberg 4- Werden 2"]
[Site "?"]
[Date "2023.10.29"]
[Round "3.7"]
[White "Kanno, Clara"]
[Black "Beetz, Ole"]
[Result "0-1"]
[WhiteElo "1639"]
[BlackElo "1676"]
[PlyCount "36"]
[SourceDate "2023.11.07"]

1. d4 Nf6 2. Nd2 d5 3. Ngf3 c5 4. e3 Nc6 5. c3 Bf5 6. Be2 e6 7. O-O Bd6 8. Nh4
Bg6 9. f4 Ne4 10. Nxg6 hxg6 11. Nxe4 dxe4 12. dxc5 Bxc5 13. b4 Qh4 14. bxc5
Qxh2+ 15. Kf2 Qh4+ 16. g3 Qh2+ 17. Ke1 Qxg3+ 18. Rf2 Rh2 0-1

[Event "Katernberg 4- Werden 2"]
[Site "?"]
[Date "2023.10.29"]
[Round "3.8"]
[White "Gehrmann, Ulrich"]
[Black "Reuß, Till"]
[Result "1/2-1/2"]
[WhiteElo "1856"]
[BlackElo "1433"]
[PlyCount "84"]
[SourceDate "2023.11.07"]

1. e4 e5 2. Nf3 Nc6 3. Nc3 Nf6 4. d4 exd4 5. Nxd4 Bb4 6. Nxc6 bxc6 7. Bd3 O-O
8. O-O d6 9. Bg5 a5 10. Qf3 Ba6 11. Rad1 Qe7 12. Bxf6 Qxf6 13. Qxf6 gxf6 14.
Bxa6 Bxc3 15. bxc3 Rxa6 16. Rb1 Rb6 17. Rxb6 cxb6 18. Rd1 Re8 19. f3 Rd8 20. c4
Kf8 21. Kf2 Ke7 22. a4 Ke6 23. Ke3 f5 24. exf5+ Kxf5 25. g4+ Kg6 26. Kf4 f6 27.
h4 d5 28. h5+ Kf7 29. cxd5 cxd5 30. Kf5 Rd6 31. f4 Rc6 32. Rxd5 Ke7 33. Rb5
Rxc2 34. Rxb6 Rc5+ 35. Ke4 Rc4+ 36. Ke3 Rxa4 37. Rb7+ Ke6 38. Rxh7 Ra3+ 39. Ke4
Ra4+ 40. Ke3 Ra3+ 41. Ke2 Ra2+ 42. Ke3 Ra3+ 1/2-1/2